Every Song by Bloc Party - Statistics

General Stats
  • This quiz has been taken 38 times
  • The average score is 33 of 115
Answer Stats
Album Song % Correct
Silent Alarm(2005) Helicopter
96%
Silent Alarm(2005) Banquet
85%
Silent Alarm(2005) Like Eating Glass
77%
A Weekend in the City(2007) Flux
65%
A Weekend in the City(2007) Hunting for Witches
65%
Silent Alarm(2005) The Pioneers
65%
Silent Alarm(2005) This Modern Love
65%
The High Life EP(2023) Blue
58%
Silent Alarm(2005) Luno
58%
Little Thoughts EP(2004) Little Thoughts
54%
Silent Alarm(2005) So Here We Are
54%
Silent Alarm(2005) Compliments
50%
Four(2012) Octopus
50%
Silent Alarm(2005) Plans
50%
Silent Alarm(2005) Positive Tension
50%
Silent Alarm(2005) She's Hearing Voices
50%
A Weekend in the City(2007) Waiting for the 7.18
50%
Silent Alarm(2005) Blue Light
46%
A Weekend in the City(2007) I Still Remember
46%
Intimacy(2008) Mercury
46%
Silent Alarm(2005) Price of Gasoline
46%
Little Thoughts EP(2004) Skeleton
46%
A Weekend in the City(2007) Song for Clay (Disappear Here)
46%
A Weekend in the City(2007) The Prayer
42%
Intimacy(2008) Ares
38%
Intimacy(2008) Halo
38%
Four(Bonus)(2013) Ratchet
38%
Intimacy(2008) Signs
38%
Silent Alarm(Bonus)(2005) Two More Years
38%
Four(2012) V.A.L.I.S.
38%
Alpha Games(2022) Day Drinker
35%
Four(2012) Kettling
35%
A Weekend in the City(2007) On
35%
Alpha Games(2022) Traps
35%
A Weekend in the City(2007) Uniform
35%
Four(2012) 3x3
31%
Intimacy(2008) Ion Square
31%
A Weekend in the City(2007) Kreuzberg
31%
A Weekend in the City(Bonus)(2007) Rhododendrons
31%
A Weekend in the City(2007) Sunday
31%
A Weekend in the City(Bonus)(2007) The Once and Future King
31%
Intimacy(2008) Biko
27%
Hymns(2016) Different Drugs
27%
A Weekend in the City(Bonus)(2007) England
27%
Intimacy(Bonus)(2008) Letter to My Son
27%
Non-Album(2009) One More Chance
27%
Four(2012) So He Begins to Lie
27%
Little Thoughts EP(2004) Storm & Stress
27%
Intimacy(2008) Talons
27%
Four(2012) The Healing
27%
Little Thoughts EP(2004) Tulips
27%
Four(2012) We Are Not Good People
27%
A Weekend in the City(2007) Where Is Home?
27%
Alpha Games(2022) Callum Is a Snake
23%
Hymns(Bonus)(2016) Eden
23%
A Weekend in the City(Bonus)(2007) Emma Kate's Accident
23%
Hymns(2016) Fortress
23%
Alpha Games(2022) In Situ
23%
Four(Bonus)(2013) Leaf Skeleton
23%
Four(Bonus)(2013) Mean
23%
Hymns(Bonus)(2016) Paraíso
23%
A Weekend in the City(Bonus)(2007) Secrets
23%
A Weekend in the City(2007) SRXT
23%
Alpha Games(2022) The Girls Are Fighting
23%
Hymns(2016) The Love Within
23%
Four(2012) Truth
23%
A Weekend in the City(Bonus)(2007) Version 2.0
23%
Intimacy(Bonus)(2008) Your Visits Are Getting Shorter
23%
Alpha Games(Bonus)(2022) Acting Out
19%
A Weekend in the City(Bonus)(2007) Atonement
19%
A Weekend in the City(Bonus)(2007) Cain Said to Abel
19%
Four(Bonus)(2012) Children of the Future
19%
Four(2012) Coliseum
19%
Four(Bonus)(2013) French Exit
19%
The High Life EP(2023) High Life
19%
The High Life EP(2023) Keep It Rolling
19%
Four(Bonus)(2013) Montreal
19%
Hymns(2016) My True Name
19%
Hymns(2016) Only He Can Heal Me
19%
Four(2012) Real Talk
19%
A Weekend in the City(Bonus)(2007) Selfish Son
19%
Alpha Games(2022) Sex Magik
19%
Bloc Party(2004) Staying Fat
19%
Non-Album(2016) Stunt Queen
19%
Four(2012) Team A
19%
Hymns(2016) The Good News
19%
Bloc Party(2004) The Marshals Are Dead
19%
Alpha Games(Bonus)(2022) The Robot and the Psychonaut
19%
Intimacy(2008) Better Than Heaven
15%
Four(2012) Day Four
15%
Hymns(2016) Exes
15%
Hymns(2016) Into the Earth
15%
Four(Bonus)(2013) Obscene
15%
Intimacy(2008) One Month Off
15%
Alpha Games(2022) Rough Justice
15%
The High Life EP(2023) The Blood Moon
15%
Intimacy(2008) Trojan Horse
15%
Hymns(2016) Virtue
15%
A Weekend in the City(Bonus)(2007) We Were Lovers
15%
Four(Bonus)(2012) X-Cutioner's Song
15%
Intimacy(2008) Zephyrus
15%
Intimacy(Bonus)(2008) Idea for a Story
12%
Alpha Games(2022) Of Things Yet to Come
12%
Hymns(2016) So Real
12%
Four(B-Sides)(2012) Straight Thru Cru
12%
Alpha Games(2022) You Should Know the Truth
12%
Alpha Games(2022) By Any Means Necessary
8%
Hymns(Bonus)(2016) Evening Song
8%
Alpha Games(2022) If We Get Caught
8%
Hymns(2016) Living Lux
8%
Alpha Games(Bonus)(2022) The Peace Offering
8%
Hymns(Bonus)(2016) New Blood
4%
Alpha Games(Bonus)(2022) Strut
4%
Bloc Party(2004) The Answers
4%
Hymns(Hidden)(2016) The God Vibration
4%
No matching quizzes found
Score Distribution
Percent of People with Each Score
Percentile by Number Answered
Your Score History
You have not taken this quiz